[Event "British Chess Championships 2023: Junior Blitz Open"]
[Site "The Venue, De Montfort University, 20 Western Boulevard, Leicester, LE2 7BU"]
[Date "2023.07.27"]
[Round "1"]
[Board "1"]
[White "Buckland, Louis"]
[Black "Badacsonyi, Stanley"]
[Result "0-1"]
[WhiteElo "1651"]
[BlackElo "2231"]
[PlyCount "0"]
[EventDate "2023.07.27"]
[EventRounds "9"]
[EventCountry "ENG"]

1. d4 Nf6 2. Bg5 Ne4 3. h4 h6 4. Bf4 d5 5. Nd2 Nxd2 6. Qxd2 c5 7. e3 Nc6 8. c3 e6
9. Nf3 Bd7 10. Bd3 Qb6 11. Ne5 Nxe5 12. Bxe5 O-O-O 13. a4 f6 14. dxc5 Bxc5 15. Bd4
e5 16. Bxc5 Qxc5 17. b4 Qc7 18. b5 Kb8 19. Qb2 Rc8 20. Rc1 Qa5 21. O-O e4 22. Be2
Be6 23. Qa3 Ka8 24. Rfd1 Rhe8 25. Rd4 f5 26. g3 g5 27. hxg5 hxg5 28. Kg2 f4 29. exf4
gxf4 30. gxf4 Rh8 31. Kf1 Rh1+ 32. Kg2 Rxc1 33. Qxc1 Rxc3 34. Qd2 Qc7 35. f5 Bxf5
36. Rxd5 Bh3+  0-1

[Event "British Chess Championships 2023: Junior Blitz Open"]
[Site "The Venue, De Montfort University, 20 Western Boulevard, Leicester, LE2 7BU"]
[Date "2023.07.27"]
[Round "1"]
[Board "2"]
[White "Mathur, Pranav"]
[Black "Freeman, Luke"]
[Result "1-0"]
[WhiteElo "2026"]
[BlackElo "1639"]
[PlyCount "0"]
[EventDate "2023.07.27"]
[EventRounds "9"]
[EventCountry "ENG"]

1. d4 Nf6 2. Nf3 e6 3. Bf4 d5 4. e3 c5 5. c3 Nc6 6. Bd3 Be7 7. h3 O-O 8. O-O b6 9.
Nbd2 Bb7 10. Re1 Rc8 11. Qe2 h6 12. Ba6 Bxa6 13. Qxa6 Bd6 14. Bxd6 Qxd6 15. Rad1
cxd4 16. exd4 Rc7 17. Ne5 Nd7 18. f4 f6 19. Ng6 Re8 20. Qf1 Nf8 21. Nxf8 Rxf8 22.
f5 e5 23. Nf3 e4 24. Nh4 Ne7 25. Qf2 Qd7 26. g4 Re8 27. Ng2 Nc8 28. Nf4 b5 29. a3
Nb6 30. Ne6 Rc6 31. Nc5 Qd6 32. Kg2 Nd7 33. Ne6 Nf8 34. Nf4 a5 35. Nh5 Nh7 36. h4
Rc7 37. Ra1 Rce7 38. Re3 a4 39. Kh3 Nf8 40. Rg1 Nh7 41. Qe2 Qd7 42. Nf4 Rd8 43. Ng6
Rf7 44. Qh2 Qd6 45. Qg2 Nf8 46. Nxf8 Rfxf8 47. Rf1 Kf7 48. Qe2 Rh8 49. Qxb5 Rb8 50.
Qxa4 Rxb2 51. Rg3 Rhb8 52. c4 R8b3 53. Rfg1 Rxg3+ 54. Rxg3 e3 55. Qa7+ Kg8 56. Qa8+
Kh7 57. Qxd5 Qxd5 58. cxd5 e2 59. Re3 Kg8 60. Kg3 Kf7 61. Kf2 Kf8 62. Rxe2 Rb3 63.
Re3 Rb2+ 64. Kf3 Rd2 65. Ke4 Ke7 66. Rb3 Kd6 67. Rb6+ Kc7 68. Rc6+ Kd7 69. Ra6 Re2+
70. Kf3 Rd2 71. Ra7+ Kd6 72. Rxg7 Kxd5 73. Ke3 Ra2 74. Ra7 Kd6 75. Ra6+ Ke7 76. d5
Ra1 77. Re6+ Kf7 78. Ra6 Ke7 79. Kd4 Rd1+ 80. Kc5 Rc1+ 81. Kb6 Rd1 82. Ra5 Rb1+ 83.
Kc6 Rc1+ 84. Rc5 Ra1 85. d6+ Kd8 86. Rc3 Rd1 87. Rb3 Ke8 88. Rb7 Rc1+ 89. Kd5 Rd1+
90. Ke6 Re1+ 91. Kxf6  1-0

[Event "British Chess Championships 2023: Junior Blitz Open"]
[Site "The Venue, De Montfort University, 20 Western Boulevard, Leicester, LE2 7BU"]
[Date "2023.07.27"]
[Round "1"]
[Board "3"]
[White "Aleksandrov, Igor"]
[Black "Kothari, Jai"]
[Result "0-1"]
[WhiteElo "1637"]
[BlackElo "1951"]
[PlyCount "0"]
[EventDate "2023.07.27"]
[EventRounds "9"]
[EventCountry "ENG"]

1. d4 Nf6 2. c4 e6 3. Nf3 c5 4. d5 b5 5. cxb5 Nxd5 6. e4 Nf6 7. Nc3 Bb7 8. Bd3 Be7
9. O-O O-O 10. Bf4 d5 11. exd5 Nxd5 12. Nxd5 Bxd5 13. Ne5 Nd7 14. Nc6 Bxc6 15. bxc6
Nf6 16. Qc2 Rc8 17. Bb5 Qb6 18. Ba4 Nd5 19. Bg3 Nb4 20. Qb3 Nxc6 21. Qxb6 axb6 22.
Rfd1 Nd4 23. Be5 Bf6 24. Bxf6 gxf6 25. Rac1 Ne2+ 26. Kf1 Nxc1 27. Rxc1 Rfd8 28. Ke2
Kg7 29. Rc3 f5 30. Bb5 Kf6 31. Rb3 Rd6 32. Bc4 Rcd8 33. Kf3 Ke5 34. Re3+ Kf6 35.
g3 Rd4 36. Bb3 b5 37. a3 c4 38. Ba2 Rd3 39. Rxd3 Rxd3+ 40. Ke2 e5 41. a4 bxa4 42.
Bxc4 Rd6 43. Bb5 Rb6 44. Bxa4 Rxb2+ 45. Kf3 e4+ 46. Kg2 Ke5 47. Kf1 f4 48. Be8 f6
49. Bf7 f3 50. Ke1 Kd4 51. Kd1 Rxf2 52. Bg8 Rxh2 53. Ke1 e3 54. Bf7 f2+ 55. Ke2 Rh1
56. Bb3 f1=B+ 57. Kf3 e2 58. g4 e1=B 59. g5 fxg5 60. Bf7 h5 61. Bd5 g4+ 62. Kf4 Rh2
63. Bf7 g3 64. Bxh5 Rxh5 65. Kg4 Rh8 66. Kf3 g2 67. Ke3+  0-1

[Event "British Chess Championships 2023: Junior Blitz Open"]
[Site "The Venue, De Montfort University, 20 Western Boulevard, Leicester, LE2 7BU"]
[Date "2023.07.27"]
[Round "1"]
[Board "4"]
[White "Lebedev, Lion"]
[Black "Yu, Rock"]
[Result "0-1"]
[WhiteElo "1865"]
[BlackElo "1637"]
[PlyCount "0"]
[EventDate "2023.07.27"]
[EventRounds "9"]
[EventCountry "ENG"]

1. e4 Nf6 2. e5 Nd5 3. d4 d6 4. Nf3 dxe5 5. dxe5 Bf5 6. Bc4 e6 7. O-O Nc6 8. Re1
Be7 9. Nh4 Bxh4 10. Nd2 Nb6 11. Bb3 O-O 12. c3 a5 13. a4 Nd7 14. Nf3 Be7 15. Bf4
Nc5 16. Bc4 Qxd1 17. Raxd1 Rad8 18. Bb5 Nxa4 19. Bxa4 Na7 20. Nd4 Bg6 21. Bb3 c5
22. Nf3 b5 23. Rxd8 Rxd8 24. Rd1 Rxd1+ 25. Bxd1 b4 26. cxb4 cxb4 27. b3 Nc6 28. Be2
Bc5 29. Bb5 Nd4 30. Nxd4 Bxd4 31. Kf1 Bc2 32. Bc4 a4 33. bxa4 b3 34. Ke2 b2 35. Ba2
b1=Q 36. Bxb1 Bxb1 37. f3 Bc2 38. a5 Ba4 39. Kd2 Kf8 40. Kc1 Ke7 41. Kb1 Kd7 42.
Ka2 Bc5 43. h4 Kc6 44. Bd2 Kb5 45. g4 Bd1 46. g5 Bxf3 47. Bf4 Kxa5  0-1

[Event "British Chess Championships 2023: Junior Blitz Open"]
[Site "The Venue, De Montfort University, 20 Western Boulevard, Leicester, LE2 7BU"]
[Date "2023.07.27"]
[Round "1"]
[Board "5"]
[White "Vaidyanathan, Sathya"]
[Black "Cancedda-Dupuis, Livio"]
[Result "0-1"]
[WhiteElo "1635"]
[BlackElo "1862"]
[PlyCount "0"]
[EventDate "2023.07.27"]
[EventRounds "9"]
[EventCountry "ENG"]

1. b4 Nf6 2. Bb2 e6 3. a3 d5 4. e3 c5 5. c3 Nc6 6. d4 cxb4 7. cxb4 a6 8. Nc3 Bd7
9. Bd3 Bd6 10. Nf3 e5 11. dxe5 Nxe5 12. Nxe5 Bxe5 13. h3 Rc8 14. Rc1 O-O 15. O-O
Bc6 16. Bf5 Bd7 17. Bxd7 Qxd7 18. Na4 Bxb2 19. Nxb2 Ne4 20. Nd3 Rxc1 21. Qxc1 Rc8
22. Qb2 f6 23. Rc1 Rc4 24. Rxc4 dxc4 25. Qa2 Qxd3 26. Kh2 Qb3 27. Qb1 Qxb1  0-1

[Event "British Chess Championships 2023: Junior Blitz Open"]
[Site "The Venue, De Montfort University, 20 Western Boulevard, Leicester, LE2 7BU"]
[Date "2023.07.27"]
[Round "1"]
[Board "6"]
[White "Sedykh, Stakhey"]
[Black "Thomas, James"]
[Result "1-0"]
[WhiteElo "1832"]
[BlackElo "1616"]
[PlyCount "0"]
[EventDate "2023.07.27"]
[EventRounds "9"]
[EventCountry "ENG"]

1. e4 e6 2. d4 d5 3. Nd2 dxe4 4. Nxe4 Nd7 5. Bd3 Ngf6 6. Qe2 Nxe4 7. Bxe4 Nf6 8.
Bxb7 Rb8 9. Bxc8 Qxc8 10. Nf3 c5 11. O-O Be7 12. b3 O-O 13. Bb2 cxd4 14. Nxd4 Qc5
15. Rad1 Rbc8 16. c4 a6 17. h3 Qa5 18. Ba1 Ne8 19. Rd3 Bf6 20. Rfd1 Qc5 21. Nf3 Bxa1
22. Rxa1 Nf6 23. Rad1 Qa5 24. Qd2 h6 25. Qxa5  1-0

[Event "British Chess Championships 2023: Junior Blitz Open"]
[Site "The Venue, De Montfort University, 20 Western Boulevard, Leicester, LE2 7BU"]
[Date "2023.07.27"]
[Round "1"]
[Board "7"]
[White "Nawalaniec, Adam"]
[Black "Vaidyanathan, Adithya"]
[Result "1-0"]
[WhiteElo "1614"]
[BlackElo "1810"]
[PlyCount "0"]
[EventDate "2023.07.27"]
[EventRounds "9"]
[EventCountry "ENG"]

1. e4 c5 2. Nf3 Nc6 3. c4 g6 4. d4 cxd4 5. Nxd4 Bg7 6. Be3 Nf6 7. Nc3 d6 8. Be2 O-O
9. O-O Qc7 10. f3 Rd8 11. Qd2 b6 12. Rac1 Bb7 13. Nd5 Qd7 14. b3 e6 15. Nb4 Nxb4
16. Qxb4 d5 17. cxd5 exd5 18. e5 Ne8 19. f4 Nc7 20. h3 Na6 21. Qd2 Nc5 22. Bg4 Qe7
23. Rfe1 Ne4 24. Qd3 h5 25. Bf3 Nc5 26. Qd2 Rac8 27. Nb5 a6 28. Nd6 Rxd6 29. exd6
Qxd6 30. Bd4 Bh6 31. Be5 Qd7 32. b4 Ne6 33. Rxc8+ Qxc8 34. Bxd5 Bxd5 35. Qxd5 Nxf4
36. Bxf4 Bxf4 37. Rf1 Be3+ 38. Kh1 Qc7 39. Qe4 Bh6 40. a4 Bf8 41. b5 axb5 42. axb5
Qc5 43. Qc6 Qd4 44. Qb7 Qc4 45. Qf3 Bd6 46. Rd1 Bc5 47. Qc6 Qe2 48. Qa8+ Kg7 49.
Qa4 h4 50. Qa1+ Kh7 51. Rd7 Qe6 52. Qd1 Bf2 53. Rd6 Qe7 54. Rd5 Bg3 55. Rd3 Bf2 56.
Rf3 Bg3 57. Qg1 Kg7 58. Qxb6 Qe1+ 59. Qg1 Qe2 60. Qd4+ Kh6 61. b6 Qe1+ 62. Qg1 Qb4
63. Rf1 Bd6 64. Rb1 Qf4 65. Qc1 Qxc1+ 66. Rxc1 g5 67. Rc6 Kg7 68. Rxd6 f6 69. b7
Kg6 70. b8=Q Kf5 71. Qf8 Ke5 72. Qxf6+ Ke4 73. Qd4+ Kf5 74. Rf6#  1-0

[Event "British Chess Championships 2023: Junior Blitz Open"]
[Site "The Venue, De Montfort University, 20 Western Boulevard, Leicester, LE2 7BU"]
[Date "2023.07.27"]
[Round "1"]
[Board "8"]
[White "Madhavan, Sanjith"]
[Black "Pert, Max P"]
[Result "0-1"]
[WhiteElo "1793"]
[BlackElo "1614"]
[PlyCount "0"]
[EventDate "2023.07.27"]
[EventRounds "9"]
[EventCountry "ENG"]

1. e4 c6 2. b3 d5 3. Nc3 dxe4 4. Nxe4 Nf6 5. Nxf6+ exf6 6. Bb2 Bd6 7. Nf3 O-O 8.
d4 Re8+ 9. Be2 Nd7 10. O-O Nf8 11. Re1 Ng6 12. h3 Be6 13. c4 Bc7 14. Bf1 Qd6 15.
g3 f5 16. Bg2 f4 17. g4 Rad8 18. Qd2 h5 19. gxh5 Ne7 20. Rad1 Nf5 21. Ne5 Nh4 22.
Qxf4 Nxg2 23. Kxg2 f6 24. h6 fxe5 25. Qg5 Qe7 26. Qxg7+ Qxg7+ 27. hxg7 Kxg7 28. dxe5
Rg8 29. f4 Kf7+ 30. Kf3 Bxh3 31. Rxd8 Bxd8 32. Ke3 Bb6+ 33. Ke4 Ke6 34. Re2 Rg3 35.
Bd4 Bf5#  0-1

[Event "British Chess Championships 2023: Junior Blitz Open"]
[Site "The Venue, De Montfort University, 20 Western Boulevard, Leicester, LE2 7BU"]
[Date "2023.07.27"]
[Round "1"]
[Board "9"]
[White "Sisupalan, Beni"]
[Black "Marsden, Rupert"]
[Result "1-0"]
[WhiteElo "1585"]
[BlackElo "1707"]
[PlyCount "0"]
[EventDate "2023.07.27"]
[EventRounds "9"]
[EventCountry "ENG"]

1. e4 e6 2. d4 d5 3. e5 c5 4. c3 Qb6 5. Nf3 Bd7 6. Bd3 Bb5 7. O-O Bxd3 8. Qxd3 cxd4
9. cxd4 Nc6 10. a3 Nge7 11. Nc3 Nf5 12. Be3 Be7 13. h3 O-O 14. Nxd5 exd5 15. Qxf5
f6 16. Qe6+ Kh8 17. Qxd5 Rad8 18. Qe4 fxe5 19. Nxe5 Nxe5 20. Qxe5 Bf6 21. Qc5 Qa6
22. Qc3 Qd6 23. Rad1 Qd5 24. Rd3 Rc8 25. Qd2 Rc6 26. Rc1 Rxc1+ 27. Qxc1 Qd7 28. Qc5
b6 29. Qxf8#  1-0

[Event "British Chess Championships 2023: Junior Blitz Open"]
[Site "The Venue, De Montfort University, 20 Western Boulevard, Leicester, LE2 7BU"]
[Date "2023.07.27"]
[Round "1"]
[Board "10"]
[White "Sasikumar, Srivathsan"]
[Black "Hariharan, Shambavi"]
[Result "0-1"]
[WhiteElo "1787"]
[BlackElo "1528"]
[PlyCount "0"]
[EventDate "2023.07.27"]
[EventRounds "9"]
[EventCountry "ENG"]

1. e4 c6 2. d4 d5 3. exd5 cxd5 4. c4 Nf6 5. Nc3 Nc6 6. Nf3 Bf5 7. a3 e6 8. Be3 Be7
9. c5 O-O 10. Bd3 Bg6 11. O-O Bxd3 12. Qxd3 a5 13. Rab1 Rc8 14. b4 axb4 15. axb4
Re8 16. b5 Na5 17. Ne5 Nd7 18. f4 Nxe5 19. fxe5 Nc4 20. Ne2 Bg5 21. Bxg5 Qxg5 22.
Ng3 Nd2 23. h4 Qh6 24. h5 Nxb1 25. Qxb1 Qg5 26. Qe1 Ra8 27. Qf2 Rf8 28. Qf3 Ra2 29.
Ne2 Qd2 30. Rf2 Qe1+ 31. Kh2 Ra1 32. Nf4 Qh1+ 33. Kg3 Qc1 34. Qg4 Ra3+ 35. Rf3 Rxf3+
36. Qxf3 Qe1+ 37. Kg4 Qe4 38. Qxe4 dxe4 39. Ne2 f5+ 40. Kf4 Ra8 41. g4 g6 42. hxg6
hxg6 43. gxf5 gxf5 44. Kg5 Kf7 45. Nf4 Ra4 46. Ne2 Ra2 47. Nf4 Rd2 48. Kh4 Rxd4 49.
Kg3 Rc4 50. Kf2 Rxc5 51. Ke3 Rxb5 52. Nh5 Rxe5 53. Nf4 Ra5 54. Nh3 Ra3+ 55. Kf4 Rxh3
56. Ke5 b5 57. Kd4 Rd3+ 58. Kc5 e3 59. Kxb5 e2 60. Kc4 Rd8 61. Kc3 e1=Q+ 62. Kc4
Qc1+ 63. Kb5 Rb8+ 64. Ka6 Qa1#  0-1

[Event "British Chess Championships 2023: Junior Blitz Open"]
[Site "The Venue, De Montfort University, 20 Western Boulevard, Leicester, LE2 7BU"]
[Date "2023.07.27"]
[Round "1"]
[Board "11"]
[White "Kumar, Arnav"]
[Black "Zhu, Pengxiao"]
[Result "0-1"]
[WhiteElo "1526"]
[BlackElo "1759"]
[PlyCount "0"]
[EventDate "2023.07.27"]
[EventRounds "9"]
[EventCountry "ENG"]

1. e4 e5 2. Nf3 Nc6 3. Bc4 Nf6 4. d3 h6 5. Nc3 d6 6. h3 g5 7. Be3 Ne7 8. d4 exd4
9. Nxd4 Ng6 10. Qd2 Ne5 11. Bb3 a6 12. f3 Bg7 13. Nd5 c5 14. Nxf6+ Bxf6 15. Nf5 Bxf5
16. exf5 c4 17. O-O-O cxb3 18. axb3 O-O 19. Qb4 Nc6 20. Qxb7 Rc8 21. Bb6 Qe8 22.
Rhe1 Be5 23. Qxa6 Nb4 24. Qe2 Rxc2+ 25. Qxc2 Nxc2 26. Kxc2 Qc6+ 27. Kb1 Qxb6 28.
Rd3 Qf2 29. Red1 Qxb2#  0-1

[Event "British Chess Championships 2023: Junior Blitz Open"]
[Site "The Venue, De Montfort University, 20 Western Boulevard, Leicester, LE2 7BU"]
[Date "2023.07.27"]
[Round "1"]
[Board "12"]
[White "Mittal, Aditya"]
[Black "Schweitzer, Zubin"]
[Result "0-1"]
[WhiteElo "1737"]
[BlackElo "1495"]
[PlyCount "0"]
[EventDate "2023.07.27"]
[EventRounds "9"]
[EventCountry "ENG"]

1. b3 c6 2. Bb2 d5 3. f4 Nf6 4. Nf3 g6 5. e3 Bg7 6. Be2 Bf5 7. O-O O-O 8. d3 Nfd7
9. Bxg7 Kxg7 10. Nbd2 Bg4 11. h3 Bxf3 12. Nxf3 Qc7 13. Qc1 e5 14. fxe5 Nxe5 15. Qb2
Nbd7 16. Rae1 Rae8 17. c4 dxc4 18. dxc4 Kg8 19. Nxe5 Qxe5 20. Qxe5 Rxe5 21. Bf3 f5
22. Rd1 Nf6 23. Rfe1 Rfe8 24. Rd6 Kf7 25. Kf2 Ne4+ 26. Bxe4 Rxe4 27. Rd7+ R8e7 28.
Rxe7+ Kxe7 29. Rd1 h6 30. Kf3 Re6 31. Rd4 Rd6 32. Rh4 g5 33. Rh5 Kf7 34. g4 Kg6 35.
Ke2 a5 36. a3 b5 37. cxb5 cxb5 38. b4 axb4 39. axb4 Rc6 40. Kd3 Rc4 41. h4 Rxg4 42.
Rxg5+ hxg5 43. hxg5 Kxg5 44. Kc3 Rc4+ 45. Kb3 Kg4 46. e4 fxe4 47. Ka3 e3 48. Ka2
e2 49. Kb3 e1=Q 50. Ka2 Qd2+ 51. Kb3 Qd3+ 52. Ka2 Rc2+ 53. Kb1 Qd1#  0-1

[Event "British Chess Championships 2023: Junior Blitz Open"]
[Site "The Venue, De Montfort University, 20 Western Boulevard, Leicester, LE2 7BU"]
[Date "2023.07.27"]
[Round "1"]
[Board "13"]
[White "Kairat, Alexander"]
[Black "Burnton, Joshua"]
[Result "1-0"]
[WhiteElo "1486"]
[BlackElo "1733"]
[PlyCount "0"]
[EventDate "2023.07.27"]
[EventRounds "9"]
[EventCountry "ENG"]

1. e4 e5 2. Nf3 Nc6 3. Nc3 Nf6 4. d3 Bc5 5. Be2 d6 6. O-O Be6 7. h3 h6 8. Be3 Bb6
9. Qd2 Qd7 10. Rad1 g5 11. Nh2 d5 12. exd5 Nxd5 13. Rfe1 O-O-O 14. Bxb6 Nxb6 15.
Bf3 f6 16. Ne4 Qe7 17. a3 h5 18. b4 Kb8 19. Nc5 Bc8 20. Bxc6 bxc6 21. Qc1 g4 22.
h4 f5 23. g3 f4 24. Qxf4 exf4 25. Rxe7 Rhe8 26. Rde1 Rxe7 27. Rxe7 Nd5 28. Rh7 Nf6
29. Rf7 Rd6 30. Nf1 Nd5 31. Ne3 Nxe3 32. fxe3 Rd8 33. Kf2 a5 34. Rh7 axb4 35. axb4
Ka7 36. Rxc7+ Kb6 37. Rh7 Kb5 38. c3 Re8 39. Rxh5 Kb6 40. Rh7 Rd8 41. h5 Ba6 42.
Nxa6 Kxa6 43. Ke2 Kb5 44. Rf7 Ra8 45. Rxf4 Ka4 46. Rf5 Kb3 47. e4 Ra7 48. Rc5 Ra2+
49. Ke3 Rg2 50. Kf4 Rd2 51. d4 Re2 52. e5 Kc2 53. Kxg4 Kd3 54. h6 Rh2 55. Rxc6 Ke4
56. b5 Kd5 57. Rd6+ Kc4 58. b6 Kxc3 59. b7 Rb2 60. h7 Rxb7 61. h8=Q Rb4 62. e6 Kb3
63. e7 Ka2 64. e8=R Ka1 65. Ra8+ Kb2 66. Kh3 Kb1 67. d5 Rc4 68. Qa1+ Kc2 69. Ra2+
Kd3 70. Qd1+ Ke4 71. Re6+ Kf5 72. Qf3+ Kg5 73. Qf6+ Kh5 74. Qg6#  1-0

[Event "British Chess Championships 2023: Junior Blitz Open"]
[Site "The Venue, De Montfort University, 20 Western Boulevard, Leicester, LE2 7BU"]
[Date "2023.07.27"]
[Round "1"]
[Board "14"]
[White "Humphreys, Benjamin"]
[Black "Parikh, Naavya"]
[Result "1-0"]
[WhiteElo "1723"]
[BlackElo "1374"]
[PlyCount "0"]
[EventDate "2023.07.27"]
[EventRounds "9"]
[EventCountry "ENG"]

1. e4 e5 2. Nf3 Nc6 3. d4 exd4 4. Bc4 Be7 5. c3 dxc3 6. Qd5 Nh6 7. Bxh6 O-O 8. Bxg7
Kxg7 9. Nxc3 d6 10. Qh5 Rh8 11. Qxf7+ Kh6 12. O-O-O Rf8 13. Qd5 Bg5+ 14. Kb1 Bg4
15. h4 Be7 16. Qd2+ Kg7 17. Rdg1 Kh8 18. Nd5 Bxf3 19. gxf3 Ne5 20. Qh6 Bf6 21. Nxf6
Qxf6 22. Rg8+ Rxg8 23. Qxf6+ Rg7 24. Rg1 Ng6 25. h5 b6 26. h6 Rag8 27. hxg7+ Rxg7
28. Qd8+ Nf8 29. Qxf8+ Rg8 30. Qxg8#  1-0

[Event "British Chess Championships 2023: Junior Blitz Open"]
[Site "The Venue, De Montfort University, 20 Western Boulevard, Leicester, LE2 7BU"]
[Date "2023.07.27"]
[Round "1"]
[Board "15"]
[White "Rastogi, Nayan Keats"]
[Black "Zhao, George"]
[Result "1/2-1/2"]
[WhiteElo "1434"]
[BlackElo "1720"]
[PlyCount "0"]
[EventDate "2023.07.27"]
[EventRounds "9"]
[EventCountry "ENG"]

1. e4 e6 2. d4 d5 3. e5 c5 4. c3 Nc6 5. Nf3 Bd7 6. Be2 f6 7. O-O fxe5 8. dxe5 Qc7
9. Bf4 Nge7 10. Bd3 c4 11. Bc2 h6 12. Bg3 O-O-O 13. Re1 g5 14. Nd4 a6 15. a4 Bg7
16. Qe2 h5 17. h3 g4 18. h4 Nxd4 19. cxd4 Nc6 20. Qd2 Bh6 21. Bf4 Bxf4 22. Qxf4 Nb4
23. Qd2 Nxc2 24. Qxc2 Kb8 25. Nc3 Bc8 26. g3 Rdf8 27. Ne2 Qb6 28. Qd2 Rf5 29. Nf4
Qb3 30. Qc3 Qxc3 31. bxc3 Rf7 32. Reb1 Kc7 33. a5 Kd8 34. Rb6 Re7 35. Ng6 Rhh7 36.
Nxe7 Rxe7 37. Rd6+ Ke8 38. Rb1 Rc7 39. Rbb6 Re7 40. Kg2 Rc7 41. Kg1 Rf7  1/2-1/2

[Event "British Chess Championships 2023: Junior Blitz Open"]
[Site "The Venue, De Montfort University, 20 Western Boulevard, Leicester, LE2 7BU"]
[Date "2023.07.27"]
[Round "1"]
[Board "16"]
[White "Catabay, Mae C"]
[Black "Leung, Hao Ran"]
[Result "1-0"]
[WhiteElo "1494"]
[BlackElo "1432"]
[PlyCount "0"]
[EventDate "2023.07.27"]
[EventRounds "9"]
[EventCountry "ENG"]

1. d4 Nf6 2. Nf3 d5 3. c4 e6 4. Nc3 Be7 5. Bf4 O-O 6. e3 dxc4 7. Bxc4 c5 8. O-O Nc6
9. Qd2 cxd4 10. exd4 Nd5 11. Nxd5 exd5 12. Bb3 Be6 13. a3 Re8 14. Rfe1 Bd6 15. Bg3
f6 16. Rxe6 Rxe6 17. Bxd5 Qd7 18. Bxe6+ Qxe6 19. d5 Qe7 20. dxc6 Bxg3 21. hxg3 bxc6
22. Rd1 h6 23. Qd7 Qe4 24. Re1 Qd5 25. Qe6+ Qxe6 26. Rxe6 Rc8 27. Re7 a5 28. Ra7
Rb8 29. Rxa5 Rxb2 30. Kf1 Rb1+ 31. Ke2 Rb2+ 32. Nd2 Kf7 33. Kd3 Ke6 34. Kc3 Ra2 35.
Ra6 Kd5 36. Ra7 g5 37. Rd7+ Ke6 38. Ra7 Kd5 39. Ra4 c5 40. Ra5 Ra1 41. a4 Rc1+ 42.
Kb2 Rg1 43. Nb3 Rxg2 44. Rxc5+ Kd6 45. Rc2 h5 46. a5 h4 47. a6 h3 48. a7 h2 49. a8=Q
h1=Q 50. Qc6+ Ke7 51. Re2+ Kf7 52. Qd7+ Kg6 53. Qe8+  1-0

[Event "British Chess Championships 2023: Junior Blitz Open"]
[Site "The Venue, De Montfort University, 20 Western Boulevard, Leicester, LE2 7BU"]
[Date "2023.07.27"]
[Round "1"]
[Board "17"]
[White "Bates, Hubert"]
[Black "Whelan, Joseph"]
[Result "0-1"]
[WhiteElo "1424"]
[BlackElo "1675"]
[PlyCount "0"]
[EventDate "2023.07.27"]
[EventRounds "9"]
[EventCountry "ENG"]

1. e4 e6 2. d4 d5 3. e5 c5 4. c3 Nc6 5. Nf3 Qb6 6. a3 Bd7 7. b4 c4 8. a4 a5 9. b5
Nce7 10. Be2 Nf5 11. O-O Be7 12. Re1 Nh4 13. Nxh4 Bxh4 14. Be3 Qd8 15. g3 Bg5 16.
Qd2 Bxe3 17. Qxe3 Ne7 18. Bg4 h5 19. Bh3 h4 20. Bg2 Nf5 21. Qf4 hxg3 22. hxg3 Qe7
23. Nd2 O-O-O 24. Nf3 Rdg8 25. Qc1 g5 26. Qa3 Qxa3 27. Rxa3 b6 28. Ra2 Rh7 29. Nh2
g4 30. Nf1 Rgh8 31. Ne3 Rg7 32. Nxf5 exf5 33. Re3 Be6 34. Rae2 Kd7 35. Kf1 Rgh7 36.
Kg1 Rh2 37. Re1 Kc7 38. R3e2 Bc8 39. Re3 Kb8 40. R3e2 Kc7 41. Re3 f4 42. gxf4 Be6
43. Rg3 Kd7 44. Rf1 Bf5 45. Rd1 Be4 46. Bxe4 dxe4 47. Kf1 Rh1+ 48. Ke2 Rxd1 49. Kxd1
Rh1+ 50. Kd2 Ra1 51. Rxg4 Ra2+ 52. Ke3 Rxa4 53. Rg7 Ke6 54. Rg8 Ra3 55. Rb8 Rxc3+
56. Kd2 Rd3+ 57. Kc2 Rf3 58. Rxb6+ Ke7 59. Rb7+ Ke6 60. Rb6+ Kf5 61. Ra6 Rxf2+ 62.
Kd1 e3 63. Rxa5 Ke4 64. b6 Kd3 65. Ra3+ c3 66. Ke1 Rb2 67. Ra6 Rb1#  0-1

[Event "British Chess Championships 2023: Junior Blitz Open"]
[Site "The Venue, De Montfort University, 20 Western Boulevard, Leicester, LE2 7BU"]
[Date "2023.07.27"]
[Round "1"]
[Board "18"]
[White "Calvert, George"]
[Black "Dayal, Samar"]
[Result "0-1"]
[WhiteElo "1536"]
[BlackElo "1400"]
[PlyCount "0"]
[EventDate "2023.07.27"]
[EventRounds "9"]
[EventCountry "ENG"]

1. e4 c5 2. Nf3 d6 3. Nc3 Nf6 4. Bc4 g6 5. O-O Bg7 6. d3 O-O 7. Bg5 Nc6 8. Qd2 a6
9. a4 Bd7 10. h3 Na5 11. Rfe1 Nxc4 12. dxc4 Qc7 13. Rad1 Rfd8 14. Bf4 Nh5 15. Bh2
Bc6 16. Qe2 Bxc3 17. bxc3 Bxa4 18. e5 Bc6 19. exd6 exd6 20. Ng5 Rd7 21. Qg4 Nf6 22.
Qf4 Nh5 23. Qd2 Rad8 24. Ne4 Bxe4 25. Rxe4 Ng7 26. Re3 Nf5 27. Rd3 b5 28. cxb5 axb5
29. g4 Ng7 30. Bf4 Ne6 31. Bxd6 Qc6 32. Be5 Rxd3 33. cxd3 c4 34. d4 Qe4 35. Re1 Qd5
36. f4 b4 37. f5 bxc3 38. Qxc3 Nxd4 39. Bf6 Nf3+ 40. Kf2 Nxe1 41. Bxd8 Nd3+ 42. Kg3
Qxd8 43. Qxc4 Qd6+ 44. Kf3 Ne5+ 45. Kg3 Nxc4+ 46. Kh4 Qh2 47. f6 Ne5 48. Kg5 Nf3+
49. Kh6 Qxh3#  0-1

[Event "British Chess Championships 2023: Junior Blitz Open"]
[Site "The Venue, De Montfort University, 20 Western Boulevard, Leicester, LE2 7BU"]
[Date "2023.07.27"]
[Round "1"]
[Board "19"]
[White "Gadiot, Ashton"]
[Black "Li, Xiaofan"]
[Result "0-1"]
[WhiteElo "1227"]
[BlackElo "1673"]
[PlyCount "0"]
[EventDate "2023.07.27"]
[EventRounds "9"]
[EventCountry "ENG"]

1. e4 c6 2. Nf3 d5 3. Nc3 dxe4 4. Nxe4 Nf6 5. Nxf6+ exf6 6. Bc4 Bd6 7. d3 O-O 8.
O-O Nd7 9. Re1 Nb6 10. Bb3 Bg4 11. h3 Bh5 12. Be3 Nd7 13. g4 Bg6 14. Nh4 Bc7 15.
Nxg6 hxg6 16. h4 Ne5 17. h5 gxh5 18. gxh5 Qd6 19. Bf4 Qd4 20. c3 Qxf4 21. Re4 Qf3
22. Qxf3 Nxf3+ 23. Kg2 Ne5 24. d4 f5 25. Re3 Ng4 26. Re7 Rac8 27. f3 Nh6 28. Kh3
Rfe8 29. Rae1 Rxe7 30. Rxe7 Kf8 31. Re1 Re8 32. Rg1 Re3 33. Rf1 Re2 34. Rb1 Rh2#
 0-1

[Event "British Chess Championships 2023: Junior Blitz Open"]
[Site "The Venue, De Montfort University, 20 Western Boulevard, Leicester, LE2 7BU"]
[Date "2023.07.27"]
[Round "1"]
[Board "20"]
[White "Ding, Yiwen"]
[Black "Xu, Jiarui"]
[Result "1-0"]
[WhiteElo "1664"]
[BlackElo "1400"]
[PlyCount "0"]
[EventDate "2023.07.27"]
[EventRounds "9"]
[EventCountry "ENG"]

1. d4 d5 2. c4 e6 3. Nc3 Nf6 4. Bg5 Be7 5. e3 O-O 6. Nf3 c6 7. cxd5 cxd5 8. Bd3 h6
9. Bh4 Nc6 10. a3 a6 11. O-O Bd7 12. Rc1 Rc8 13. Bg3 Nh5 14. Ne2 Nxg3 15. Nxg3 Bf6
16. b4 Ne7 17. Qe2 Qb6 18. Nh5 Ng6 19. Nxf6+ gxf6 20. Nd2 e5 21. dxe5 fxe5 22. Nb3
e4 23. Bb1 Bb5 24. Qh5 Bxf1 25. Rxf1 Rfd8 26. Qxh6 Qf6 27. Qh3 b6 28. Nd4 Rc3 29.
a4 Rdc8 30. Ba2 Qg5 31. Ne2 Ra3 32. Qxc8+ Kg7 33. Bb1 Rxa4 34. Qc3+ Kh7 35. Bc2 Nh4
36. Ng3 Ra2 37. Qb3 Rxc2 38. Qxc2 Qe5 39. Qe2 Kg6 40. Qg4+ Qg5 41. Qxg5+ Kxg5 42.
Ra1 f5 43. Rxa6 f4 44. exf4+ Kxf4 45. Rxb6 d4 46. Rd6 d3 47. b5 Ke5 48. Rd8 Ng6 49.
b6 Ne7 50. Re8 Kd6 51. b7 Nc6 52. b8=Q+ Nxb8 53. Rxb8 Kd5 54. Rd8+ Kc4 55. Nxe4 Kb5
56. Rxd3 Kc6 57. Kf1 Kb5 58. Ke2 Kc4 59. Ke3 Kb4 60. Rc3 Kb5 61. Kd4 Kb4 62. Nd6
Ka5 63. Rb3 Ka6 64. Kc5 Ka7 65. Kc6 Ka8 66. Kc7 Ka7 67. Ra3#  1-0